• 首页
  • 本馆介绍
  • 公告通知
  • 最新文献
  • 馆藏检索
  • 电子资源
  • 读者导购
  • 参考咨询
  • 我的图书馆
  • 登录
  • 详细信息显示
  • 放入我的书架
  • 预约/预借图书
  • 作者相关作品
  • 分类相关作品
  • 丛书相关作品
  • 出版社相关作品

书目信息

  • 表格格式
  • 工作单格式
  • 卡片格式
题名:
灰色的狂欢节
    
 
作者: 朱朱 著
分册:  
出版信息: 桂林   广西师范大学出版社  2013.11
页数: 403页
开本: 24cm
丛书名: 理想国
单 册:
中图分类: J120.9
科图分类:
主题词: 艺术史--研究--中国 , 艺术史
电子资源:
ISBN: 978-7-5495-4561-2
000 00920oam2 2200289 450
001 0120131181652
005 20140609153347.31
010    @a978-7-5495-4561-2@b精装@dCNY128.00
100    @a20131224d2013 em y0chiy0110 ea
101 0  @achi
102    @aCN@b450000
105    @aa z 000yy
106    @ar
200 1  @a灰色的狂欢节@9hui se de kuang huan jie@e2000年以来的中国当代艺术@f朱朱著
210    @a桂林@c广西师范大学出版社@d2013.11
215    @a403页@c图@d24cm
225 2  @a理想国
330    @a本书主要内容包括:意识形态的人质;形式的再发生;“跨经验”:边界的扩展;双重的他者。
333    @a艺术爱好者
461  0 @12001 @a理想国
517 1  @a2000年以来的中国当代艺术@92000 nian yi lai de zhong guo dang dai yi shu
606 0  @a艺术史@x研究@y中国
606 0  @a艺术史
690    @aJ120.9@v5
701  0 @a朱朱@9zhu zhu@4著
801  0 @aCN@b人天书店@c20131224
905    @b845005-07@dJ120.9@e104@f3
    
    灰色的狂欢节:2000年以来的中国当代艺术/朱朱著.-桂林:广西师范大学出版社,2013.11
    403页:图;24cm.-(理想国)
    使用对象:艺术爱好者
    
    ISBN 978-7-5495-4561-2(精装):CNY128.00
    本书主要内容包括:意识形态的人质;形式的再发生;“跨经验”:边界的扩展;双重的他者。
●
相关链接 在E读中查询图书 在五车中查询图书 在当当中查询图书 在豆瓣中查询图书


正题名:灰色的狂欢节     索取号:J120.9/104         预约/预借

序号 登录号 条形码 馆藏地/架位号 状态 备注
1 845005   208450059   第一样本阅览室/ [索取号:J120.9/104] 在馆    
2 845006   208450068   密集书库-音乐系/ [索取号:J120.9/104] 在馆    
3 845007   208450077   第一借阅区/ [索取号:J120.9/104] 在馆    
唐山师范学院图书馆 欢迎您!
大连网信软件有限公司© 版权所有